000 00623nam a2200253Ia 4500
003 OSt
005 20221007105335.0
006 a|||||r|||| 00| 0
007 ta
008 221006b |||||||| |||| 00| 0 eng d
024 _a18,289
037 _cTextual
040 _aLCO
_cLCO
_beng
041 _2eng
_aeng
082 _aZ2,3, L2
100 _aShukla M.C
245 0 _aManual of Mercantile Law
250 _a11th
260 _aNew
_bDelhi S. Chand & Co. India
_c1972
300 _a906
650 _aMERCANTILE LAW
_9402489
942 _hZ2,3, L2
_cTEXL
999 _c1187852
_d1187852